000 00228nam a22001097a 4500
999 _c533678
_d533678
040 _cdlc
082 _a821
100 _aJohn Milton
_927641
245 _aThe English Poems of John Milton
300 _a601;p
942 _2ddc
_cBK